Sports Quiz

Random Sports or Auto Racing Quiz

First NASCAR Wins Quiz Stats

 Plays Quiz Updated Mar 19, 2016

Score 0/30 Timer 07:00
2 Plays Today
Event Driver % Correct
1979 Southeastern 500Dale Earnhardt
80.8%
1994 Coca-Cola 600Jeff Gordon
80.5%
2002 NAPA Auto Parts 500Jimmie Johnson
74.1%
2001 Daytona 500Michael Waltrip
69.1%
2002 Food City 500Kurt Busch
64.5%
1986 Miller High Life 400Kyle Petty
59.2%
1999 Exide 400Tony Stewart
59%
2009 Aaron's 499Brad Keselowski
53.9%
1986 Valleydale 500Rusty Wallace
49.2%
2006 Pocono 500Denny Hamlin
49.1%
1995 Coca-Cola 600Bobby Labonte
48.9%
1980 Southern 500Terry Labonte
46.8%
1989 AC Delco 500Mark Martin
46.6%
1994 Daytona 500Sterling Marlin
45.5%
2007 Toyota/Save Mart 350Juan Pablo Montoya
44.7%
Event Driver % Correct
1995 AC Delco 400Ward Burton
41.1%
1990 Daytona 500Derrike Cope
39.7%
2003 Pepsi 400Greg Biffle
39.5%
1988 Checker 500Alan Kulwicki
32.6%
2009 Coca-Cola 600David Reutimann
32.2%
1983 Budweiser 400Ricky Rudd
30.6%
2002 Pop Secret Microwave Popcorn 400Johnny Benson
27%
1994 Pepsi 400Jimmy Spencer
26.5%
1982 Budweiser 400Tim Richmond
25%
1988 Winston 500Phil Parsons
22.7%
1982 Virginia National Bank 500Harry Gant
20.5%
1999 Dura Lube/KMart 300Joe Nemechek
20.4%
1985 Pepsi 400Greg Sacks
17.4%
1977 Capital City 400Neil Bonnett
15.2%
1975 Old Dominion 500Dave Marcis
12.4%

You're not logged in!

Compare scores with friends on all Sporcle quizzes.
OR
Log In

Sporcle TV

Today on Sporcle TV


Watch our educational content, quiz creation guides, and fun videos on Sporcle TV.

Show Comments

Extras

Top Quizzes Today


Score Distribution

Your Account Isn't Verified!

In order to create a playlist on Sporcle, you need to verify the email address you used during registration. Go to your Sporcle Settings to finish the process.

Report this User

Report this user for behavior that violates our Community Guidelines.

Details: